| 000 | 00389nam a22001457a 4500 | ||
|---|---|---|---|
| 999 |
_c17729 _d17729 |
||
| 008 | 190612b xxu||||| |||| 00| 0 eng d | ||
| 020 | _a0192806918 | ||
| 050 |
_aK231 _b.W33 2006 c.1 |
||
| 100 | _aWacks, Raymond | ||
| 245 |
_aPhilosophy of Law _bA very short introduction _cRaymond Wacks |
||
| 260 |
_aUS _bOUP _cNewyork |
||
| 300 | _axvi, 127p. | ||
| 650 | _aPhilosophy | ||
| 942 |
_2lcc _cBK |
||